Bottom 15 Countries by GDP Growth (as of 2025) - Statistics

General Stats
  • This quiz has been taken 12 times
  • The average score is 4 of 15
Answer Stats
GDP Growth Rate Country % Correct
1.1% Japan
78%
0.8% Germany
56%
1.3% Russia
56%
1.1% France
33%
0.8% Italy
33%
1.3% Mexico
33%
1.1% Myanmar
33%
1.1% Austria
22%
1% Haiti
22%
1.3% Switzerland
22%
1.2% Belgium
11%
1.2% Ecuador
11%
1.4% Nauru
11%
1.5% Vanuatu
11%
-4.8% Equatorial Guinea
0%
No matching quizzes found
Score Distribution
Percent of People with Each Score
Percentile by Number Answered
Your Score History
You have not taken this quiz